Gaming Quiz

Random Gaming or Letter Quiz

Pokémon by Any 3 Letters (Gen I) Quiz Stats

 Plays Quiz Updated Dec 18, 2019

Support Sporcle.
Go Orange.
Score 0/151 Timer 08:00
1 Play Today
Pokémon % Correct
Charmander
92.8%
Charmeleon
92.2%
Hitmonchan
91.6%
Machamp
91.6%
Charizard
91.3%
Chansey
90.5%
Pikachu
89.6%
Bulbasaur
84.5%
Wartortle
82.2%
Venusaur
82%
Dratini
81.1%
Raichu
78.9%
Dragonite
78.8%
Ivysaur
78%
Weepinbell
77.9%
Seadra
77.9%
Squirtle
77.1%
Hitmonlee
76.1%
Magmar
76%
Raticate
75.7%
Dragonair
75.7%
Rapidash
75.4%
Magikarp
75.3%
Magnemite
75.1%
Poliwrath
75.1%
Nidoking
75%
Graveler
74.8%
Magneton
74.8%
Weezing
74.3%
Mewtwo
74.1%
Seaking
73.8%
Mew
73.8%
Pidgeotto
73.8%
Blastoise
73.2%
Pidgeot
73.2%
Omastar
73.1%
Caterpie
73%
Golbat
72.8%
Butterfree
72.5%
Machoke
72.3%
Machop
71.9%
Golduck
71.8%
Goldeen
71.5%
Nidoran♀
71.4%
Nidoran♂
71.4%
Omanyte
71.3%
Nidoqueen
71.2%
Kadabra
71%
Nidorina
71%
Vaporeon
71%
Nidorino
70.9%
Pokémon % Correct
Golem
70.5%
Arcanine
70.3%
Flareon
70%
Kangaskhan
69.7%
Abra
69.6%
Kabutops
69.5%
Weedle
69%
Kabuto
68.8%
Victreebel
68.5%
Growlithe
68.2%
Pidgey
67.7%
Rattata
67.1%
Zapdos
66.9%
Articuno
66.9%
Moltres
66.9%
Horsea
66.8%
Venomoth
66.5%
Venonat
66.4%
Electrode
66.1%
Jolteon
65.9%
Electabuzz
65%
Alakazam
64.7%
Beedrill
64.6%
Ekans
64.3%
Bellsprout
63.2%
Haunter
63.2%
Starmie
62.3%
Eevee
61.9%
Gyarados
61.9%
Kingler
61.8%
Poliwhirl
61.7%
Staryu
61.5%
Poliwag
61.1%
Geodude
60.6%
Voltorb
60%
Ninetales
59.8%
Ponyta
59.8%
Zubat
59.6%
Metapod
59.4%
Gengar
59%
Gastly
58.6%
Sandslash
58.3%
Spearow
58.1%
Marowak
58.1%
Koffing
57.8%
Fearow
57.1%
Kakuna
56.6%
Rhyhorn
56.3%
Sandshrew
56%
Arbok
55.8%
Jigglypuff
55.8%
Pokémon % Correct
Mankey
55.8%
Clefairy
55.3%
Diglett
55.2%
Cloyster
54.5%
Dugtrio
54.4%
Scyther
53.8%
Clefable
53.8%
Exeggutor
53.6%
Tauros
53.6%
Shellder
52.7%
Meowth
52.6%
Drowzee
52.4%
Grimer
51.9%
Lapras
51.5%
Rhydon
51%
Parasect
50.8%
Persian
50.4%
Psyduck
50.4%
Dewgong
50.1%
Oddish
49.9%
Wigglytuff
49.9%
Paras
49.7%
Snorlax
49.7%
Aerodactyl
49.5%
Vulpix
49.1%
Gloom
49%
Jynx
48.6%
Dodrio
48.5%
Porygon
48.2%
Vileplume
48.1%
Exeggcute
47.7%
Slowpoke
47.7%
Onix
47.3%
Tentacruel
46.6%
Doduo
46.6%
Tentacool
46.6%
Muk
46.5%
Cubone
46.3%
Seel
46.3%
Mr. Mime
46.2%
Primeape
45.7%
Slowbro
45.5%
Tangela
45.1%
Farfetch'd
44%
Pinsir
41.9%
Ditto
41.7%
Krabby
39.6%
Hypno
38.1%
Lickitung
35.2%

From the Vault

Chutes and Ladders III

by apeminkie

All you need is a lot of nerve and a little bit of gravity, and you'll be fine.
Remove Ads.
Support Sporcle.
Get the best of Sporcle when you Go Orange. This ad-free experience offers more features, more stats, and more fun while also helping to support Sporcle. Thank you for becoming a member.

Show Comments

Extras

Top Quizzes Today


Score Distribution

Your Account Isn't Verified!

In order to create a playlist on Sporcle, you need to verify the email address you used during registration. Go to your Sporcle Settings to finish the process.

Report this User

Report this user for behavior that violates our Community Guidelines.

Details: